Načítá se...

Johnson's lives of the poets: a selection

Podrobná bibliografie
Hlavní autoři: Hardy, J P, Johnson, Samuel
Médium: Printed Book
Vydáno: Oxford, Clarendon Press 1971
Edice:Oxford paperback english texts
Témata:
LEADER 005870000a22001930004500
020 |a 0-19-871052-6 
041 |a en 
082 |a 821.092 JOH/J L1 
100 |a Hardy, J P 
100 |a Johnson, Samuel 
245 |a Johnson's lives of the poets: a selection 
260 |a Oxford, Clarendon Press 
260 |c 1971 
490 |a Oxford paperback english texts 
650 |a English literature 
650 |a Poetry 
942 |c BK 
999 |c 152167  |d 152163 
952 |0 0  |1 0  |4 0  |6 821_092000000000000_JOH_J_L1  |7 0  |9 150985  |a SCK  |b SCK  |d 2017-10-23  |l 0  |o 821.092 JOH/J L1  |p SCK00674  |r 2017-10-23  |w 2017-10-23  |y BK